All of Stuart Gibbs' Books - Statistics

General Stats
  • This quiz has been taken 33 times
    5 since last reset
  • The average score is 18 of 41
Answer Stats
Year Novel % Correct
2025 Spy School Blackout
100%
2023 Spy School Goes North
100%
2024 Spy School Goes Wild
100%
2010 Belly Up
75%
2015 Evil Spy School
75%
2024 Evil Spy School: The Graphic Novel
75%
2019 Lion Down
75%
2014 Poached
75%
2013 Spy Camp
75%
2023 Spy Camp: The Graphic Novel
75%
2012 Spy School
75%
2021 Spy School At Sea
75%
2018 Spy School Goes South
75%
2017 Spy School Secret Service
75%
2022 Spy School: The Graphic Novel
75%
2021 Bear Bottom
50%
2015 Big Game
50%
2014 Space Case
50%
2016 Spaced Out
50%
2019 Spy School British Invasion
50%
2022 Spy School Project X
50%
2020 Spy School Revolution
50%
2016 Spy Ski School
50%
2023 Whale Done
50%
2025 All Ears
25%
2022 Once Upon A Tim
25%
2025 Spy Ski School: The Graphic Novel
25%
2011 The Last Musketeer
25%
2020 Tyrannosaurus Wrecks
25%
2018 Waste of Space
25%
2023 Bruce Wayne: Not Super
0%
2022 Charlie Thorne and the Curse of Cleopatra
0%
2019 Charlie Thorne and the Last Equation
0%
2021 Charlie Thorne and the Lost City
0%
2025 Charlie Thorne and the Royal Society
0%
2023 Once Upon A Tim: Sea of Terror
0%
2022 Once Upon A Tim: The Labyrinth of Doom
0%
2023 Once Upon A Tim: The Quest of Danger
0%
2017 Panda-monium
0%
2013 The Last Musketeer: Double Cross
0%
2012 The Last Musketeer: Traitor's Chase
0%
No matching quizzes found
Score Distribution
Percent of People with Each Score
Percentile by Number Answered
Your Score History
You have not taken this quiz since the last reset